000 01487cam a22003374a 4500
001 12206526
003 OSt
005 20170522145147.0
008 001020s2001 nyua b 001 0 eng
010 _a 00051892
020 _a055380121X
040 _aDLC
_cDLC
_dDLC
042 _apcc
050 0 0 _aRG186
_b.N67 2001
082 0 0 _a618.1/75
_221
100 1 _aNorthrup, Christiane.
245 1 4 _aThe wisdom of menopause :
_bcreating physical and emotional health and healing during the change /
_cChristiane Northrup.
260 _aNew York :
_bBantam Books,
_c2001.
300 _axvi, 589 p. :
_bill. ;
_c25 cm.
504 _aIncludes bibliographical references and index.
650 0 _aMenopause.
650 0 _aMenopause
_xPsychological aspects.
650 0 _aMenopause
_xReligious aspects.
856 4 2 _3Contributor biographical information
_uhttp://www.loc.gov/catdir/bios/random051/00051892.html
856 4 1 _3Sample text
_uhttp://www.loc.gov/catdir/samples/random042/00051892.html
856 4 2 _3Publisher description
_uhttp://www.loc.gov/catdir/description/random045/00051892.html
856 4 1 _3Table of contents
_uhttp://www.loc.gov/catdir/toc/fy031/00051892.html
906 _a7
_bcbc
_corignew
_d1
_eocip
_f20
_gy-gencatlg
942 _2lcc
_cBK
999 _c50404
_d50404